Tārīkh ʻilm al-āthār /

محفوظ في:

المؤلف الرئيسي: Daux, Georges. (مؤلف)

مؤلفون آخرون: Sha`ban, Bahij.

التنسيق: كتاب

اللغة: Arabic

منشور في: Bayrūt : Manshūrāt ʻUwaydāt, 1982.

الطبعة: al-Ṭabʻah 3.

الموضوعات:

الوسوم: إضافة وسم

لا توجد وسوم, كن أول من يضع وسما على هذه التسجيلة!

رقم الطلب: CC75 .D3812 1982

LEADER 00880nam a2200229Ia 4500
003 OSt
005 20251022112454.0
008 130303s1982 le 000 0 ara d
040 |c ARCE Library 
050 4 |a CC75 .D3812 1982 
100 1 |6 880-01  |a Daux, Georges.  |e author  |9 28741 
245 1 0 |6 880-02  |a Tārīkh ʻilm al-āthār /  |c Georges Daux ; tarjamah Bahij Sha`ban. 
250 |a al-Ṭabʻah 3. 
264 1 |a Bayrūt :  |b Manshūrāt ʻUwaydāt,  |c 1982. 
300 |a 118 pages ;   |c 17 cm. 
650 0 |a Archaeology. 
700 1 |a Sha`ban, Bahij. 
880 1 |6 100-01/(3/r  |a ضو، جورج 
880 1 0 |6 245-02/(3/r  |a تاريخ علم الآثار   |c جورج ضو ؛ ترجمة بهيج شعبان.‪‪‪‪‪‪‪‪‪‪‪‪‪‪‪‪‪‪‪‪‪‪‪‪‪‪‪‪‪‪‪‪‪‪‪‪‪‪‪‪‪‪ 
901 |a reviewed 
942 |c BK  |2 lcc 
999 |c 26987  |d 26987